000 00558nam a2200229 a 4500
001 0001-1204
003 ELIB.Books
008 150519 2010 eng
020 _aKBTS
035 _a(ELIB.Books)0001-1359
092 _aJ
_bGya
100 _aGyadu, J. K. A
245 _aWitchcraft Accusations and Christianity in Africa
260 _c2015
300 _cVol. 39, No.1
500 _aLibrary
650 _aMission
856 _nKBTS: Library
_uKBTS: Elib
942 _2ddc
_cBK
998 _cbat
_e2015-05-19
999 _c11204
_d11204